000 00494nam a2200229Ia 4500
003 IT-RoPAU
008 120407s9999 xx 000 0 und d
040 _aIT-RoPAU
040 _cIT-RoPAU
041 _aita
100 _aJuan Arias
245 _aIl Dio in cui non credo. 9a . ed.
250 _aAssisi
260 _aCittadella
260 _c1972
300 _a200 p.
300 _c19 cm
490 _aSpiritualità del ns. tempo.
490 _v1
942 _cBK
999 _c28320
_d28320